00302nam a22000977a 4500082001200000100002200012245006400034260004100098650002700139700003800166 a200 THE aZEESHAN ALI AKBAR aTH-SOF-1707-Modeling and Control of an Automotive Driveline aISLAMABADbNUST COLLEGE OF EMEc2019 aMS-ELECT-2016 MSTHESIS aSupervisor DR. FAHAD MUMTAZ MALIK